00486nam a2200193 a 4500001001300000003000900013005001700022008004100039020001000080082001600090100001600106245003300122260002700155300000900182500003500191650002300226650002700249700001600276nice12345678IN_TiNIC20260116013948.0050524s1999 dela grp 000 0 eng  ac59500a294.54bSIN aSinghi, N K aReligion, Ritual and Royalty aDelhibRawat Pubc1999 a317p aincludes index and biblioraphy aHinduism-Rajasthan aRajasthan-Oral History1 aSinghi, N K